Χώρες με Καταστήματα ΙΚΕΑ - Statistics

General Stats
  • This quiz has been taken 25 times
  • The average score is 43 of 57
Answer Stats
Χρονιά Πρώτη Τοποθεσία Χώρα % Correct
1974 Έχινγκ Γερμανία
95%
1984 Βρυξέλλες Βέλγιο
95%
1990 Βουδαπέστη Ουγγαρία
95%
1991 Πράγα Τσεχία
95%
1991 Βελιγράδι Σερβία
95%
1992 Μπρατισλάβα Σλοβακία
95%
1998 Σανγκάη Κίνα
95%
2001 Θεσσαλονίκη Ελλάδα
95%
2020 Κίεβο Ουκρανία
95%
1958 Έλμχουλτ Σουηδία
90%
1980 Λας Πάλμας Ισπανία
90%
1981 Ρέικιαβικ Ισλανδία
90%
1989 Τσινιζέλλο Μπάλσαμο Ιταλία
90%
1990 Βαρσοβία Πολωνία
90%
2004 Αμαδόρα Πορτογαλία
90%
2013 Κάιρο Αίγυπτος
90%
2014 Ζάγκρεμπ Κροατία
90%
2018 Ρίγα Λετονία
90%
2020 Πόλη του Μεξικού Μεξικό
90%
2021 Λιουμπλιάνα Σλοβενία
90%
1963 Σλέπεντεν Νορβηγία
86%
2005 Κωνσταντινούπολη Τουρκία
86%
2007 Βουκουρέστι Ρουμανία
86%
2011 Σόφια Βουλγαρία
86%
2013 Βίλνιους Λιθουανία
86%
2019 Ταλίν Εσθονία
86%
1969 Μπέλαρουπ Δανία
81%
1974 Ναγκόγια Ιαπωνία
81%
1987 Τσεσάιρ Ηνωμένο Βασίλειο
81%
1996 Έσποο Φινλανδία
81%
2016 Καζαμπλάνκα Μαρόκο
81%
1981 Μπομπινί Γαλλία
76%
1985 Πλύμουθ Μίτινγκ Ηνωμένες Πολιτείες
76%
2007 Στρόβολος Κύπρος
76%
2008 Μπάλιμουν Ιρλανδία
76%
2022 Σαντιάγο Χιλή
76%
1978 Σλίντρεχτ Ολλανδία
71%
1991 Ντουμπάι Ηνωμένα Αραβικά Εμιράτα
71%
1994 Ταϊπέι Ταϊβάν
71%
2014 Αμμάν Ιορδανία
71%
1973 Σπράιτενμπαχ Ελβετία
67%
1977 Βέσεντορφ Αυστρία
67%
1983 Τζέντα Σαουδική Αραβία
67%
2011 Μπανγκόκ Ταϊλάνδη
67%
2013 Ντόχα Κατάρ
67%
1984 Πόλη του Κουβέιτ Κουβέιτ
62%
1976 Ντάρτμουθ Καναδάς
57%
2010 Άγιος Δομίνικος Δομινικανή Δημοκρατία
57%
1975 Άρταρμον Αυστραλία
52%
2001 Νετάνια Ισραήλ
52%
2014 Γκουανγκμιόνγκ Νότια Κορέα
43%
2021 Πασάι Σίτι Φιλιππίνες
43%
1996 Μπαντάρ Ουτάμα Μαλαισία
38%
1978 Μπουκίτ Τιμάχ Σιγκαπούρη
33%
2018 Χιντεραμπάντ Ινδία
33%
2014 Τάνγκερανγκ Ινδονησία
24%
2018 Σάλμαμπαντ Μπαχρέιν
19%
No matching quizzes found
Score Distribution
Percent of People with Each Score
Percentile by Number Answered
Your Score History
You have not taken this quiz